[Event "2BLS 2324 SV 1947 Walldorf - SF Bad Merg"]
[Site "?"]
[Date "2023.12.03"]
[Round "4.4"]
[White "Muckle, Julius"]
[Black "Razafindratsima, Timothe"]
[Result "1/2-1/2"]
[WhiteElo "2401"]
[BlackElo "2441"]
[PlyCount "136"]
[EventDate "2023.??.??"]

1. d4 Nf6 2. c4 e6 3. Nf3 d5 4. Nc3 c6 5. e3 Nbd7 6. Qc2 Bd6 7. b3 O-O 8. Be2 e5 9. cxd5 cxd5 10. Nb5 Bb4+ 11. Bd2 Bxd2+ 12. Nxd2 a6 13. dxe5 axb5 14. exf6 Nxf6 15. O-O b4 16. e4 Re8 17. Bf3 Nxe4 18. Nxe4 Bf5 19. Rad1 Bxe4 20. Bxe4 Rxe4 21. Qc5 h6 22. Rxd5 Qe8 23. Rd2 Rc8 24. Qd5 Rc1 25. Rdd1 Rxd1 26. Qxd1 Re2 27. Qd6 Qe4 28. Qd8+ Kh7 29. Qa5 Re1 30. h3 b6 31. Qa7 Qe2 32. Rxe1 Qxe1+ 33. Kh2 Qxf2 34. Qc7 g5 35. Qd7 Kg7 36. Qd5 Qe3 37. g4 Qf2+ 38. Kh1 Qg3 39. Qd4+ Kg8 40. Qxb4 Qxh3+ 41. Kg1 Qe3+ 42. Kg2 Qe2+ 43. Kg1 Qxa2 44. Qxb6 Qb1+ 45. Kf2 Qc2+ 46. Ke3 Qc3+ 47. Ke4 Qc8 48. Kf3 Qc2 49. Qd8+ Kh7 50. Qd5 Qc3+ 51. Ke2 Kg7 52. Qd3 Qb4 53. Qf3 Qc5 54. Ke1 Kf8 55. Ke2 Qb5+ 56. Kd1 Qd7+ 57. Kc2 Qd4 58. Qf5 Ke7 59. Qf3 Kf8 60. Qa8+ Kg7 61. Qf3 Qc5+ 62. Kb2 Qe5+ 63. Kc2 Qf6 64. Qe4 h5 65. gxh5 Kh6 66. b4 Qf2+ 67. Kd3 Qf1+ 68. Qe2 Qf4 1/2-1/2

[Event "2BLS 2324 SV 1947 Walldorf - SF Bad Merg"]
[Site "?"]
[Date "2023.12.03"]
[Round "4.5"]
[White "Neuman, Petr"]
[Black "Faerber, David"]
[Result "1/2-1/2"]
[WhiteElo "2406"]
[BlackElo "2374"]
[PlyCount "35"]
[EventDate "2023.??.??"]

1. d4 d5 2. c4 c6 3. cxd5 cxd5 4. Bf4 Nc6 5. e3 Nf6 6. Nc3 a6 7. Bd3 Bg4 8. Nge2 e6 9. O-O Be7 10. Rc1 O-O 11. Na4 Rc8 12. a3 Nd7 13. b4 e5 14. dxe5 Ndxe5 15. f3 Be6 16. Nd4 Nxd3 17. Qxd3 Nxd4 18. exd4 1/2-1/2

[Event "2BLS 2324 SV 1947 Walldorf - SF Bad Merg"]
[Site "?"]
[Date "2023.12.03"]
[Round "4.6"]
[White "Vonthron, Horst"]
[Black "Vlasak, Lukas"]
[Result "1/2-1/2"]
[WhiteElo "2351"]
[BlackElo "2435"]
[PlyCount "98"]
[EventDate "2023.??.??"]

1. e4 c5 2. Nf3 Nc6 3. Bb5 e5 4. O-O Bd6 5. c3 a6 6. Ba4 b5 7. Bb3 c4 8. Bc2 Nf6 9. d3 cxd3 10. Bxd3 Bc7 11. a4 b4 12. c4 d6 13. h3 Bb6 14. Qe2 O-O 15. Be3 Bxe3 16. fxe3 Nd7 17. Nbd2 Nc5 18. b3 Qe7 19. Bc2 f5 20. exf5 Bxf5 21. Bxf5 Rxf5 22. Nh2 Raf8 23. Rxf5 Rxf5 24. Ng4 h5 25. Nf2 e4 26. Rb1 Qe5 27. Kh1 Rf7 28. Kg1 g6 29. Kh1 Ne7 30. Kg1 Nf5 31. Nf1 Nh4 32. Qc2 Rf5 33. Rd1 Rg5 34. g4 hxg4 35. Nxg4 Nd3 36. Rxd3 exd3 37. Qxd3 Qe6 38. Nfh2 Kh7 39. e4 Qe5 40. Kf2 Qb2+ 41. Kf1 Qc1+ 42. Ke2 Qb2+ 43. Kf1 Qc1+ 44. Ke2 Ng2 45. Qxd6 Qe1+ 46. Kf3 Nh4+ 47. Kf4 Ng2+ 48. Kf3 Nh4+ 49. Kf4 Ng2+ 1/2-1/2

[Event "2BLS 2324 SV 1947 Walldorf - SF Bad Merg"]
[Site "?"]
[Date "2023.12.03"]
[Round "4.7"]
[White "Nemec, Jachym"]
[Black "Gschnitzer, Oswald"]
[Result "1-0"]
[WhiteElo "2371"]
[BlackElo "2351"]
[PlyCount "75"]
[EventDate "2023.??.??"]

1. d4 Nf6 2. c4 e6 3. Nc3 Bb4 4. e3 O-O 5. Bd3 d5 6. cxd5 exd5 7. Nge2 Re8 8. O-O b6 9. Bd2 Bb7 10. a3 Bd6 11. b4 a6 12. Rb1 Nbd7 13. a4 c6 14. Nf4 a5 15. bxa5 Rxa5 16. Qf3 Ba6 17. Bxa6 Rxa6 18. Rfc1 Qa8 19. Qh3 Nf8 20. Nd3 Ne6 21. Qf5 c5 22. Nb5 Ne4 23. Be1 Rxa4 24. f3 g6 25. Qh3 N4g5 26. Qh4 Be7 27. Qf2 h5 28. Ne5 c4 29. Nc3 Ra6 30. Qc2 Nh7 31. Bg3 Bf6 32. Rd1 Rd8 33. Rb5 Kg7 34. Rdb1 Ra1 35. Rxb6 Rxb1+ 36. Qxb1 Qa5 37. Rxe6 fxe6 38. Qxg6+ 1-0

[Event "2BLS 2324 SV 1947 Walldorf - SF Bad Merg"]
[Site "?"]
[Date "2023.12.03"]
[Round "4.8"]
[White "Schlegel, Igor"]
[Black "Gasthofer, Alexander"]
[Result "1-0"]
[WhiteElo "2216"]
[BlackElo "2393"]
[PlyCount "55"]
[EventDate "2023.??.??"]

1. e4 Nf6 2. e5 Nd5 3. d4 d6 4. c4 Nb6 5. f4 Bf5 6. Nc3 e6 7. Nf3 dxe5 8. fxe5 Bb4 9. Bd3 Bxd3 10. Qxd3 c5 11. Bg5 Bxc3+ 12. bxc3 Qd7 13. O-O h6 14. Be3 Nc6 15. Qe2 Qe7 16. Nd2 Rd8 17. Ne4 cxd4 18. Nd6+ Rxd6 19. exd6 Qxd6 20. cxd4 Nxd4 21. Qf2 Nf5 22. c5 Qd3 23. cxb6 Qxe3 24. Qxe3 Nxe3 25. bxa7 Ke7 26. Rab1 Nxf1 27. Rxb7+ Kd6 28. Rb8 1-0

[Event "2BLS 2324 SC Viernheim II - Heilbronner"]
[Site "?"]
[Date "2023.12.03"]
[Round "4.1"]
[White "Baenziger, Fabian"]
[Black "Wagner, Dinara"]
[Result "1/2-1/2"]
[WhiteElo "2412"]
[BlackElo "2452"]
[PlyCount "100"]
[EventDate "2023.??.??"]

1. d4 Nf6 2. c4 e6 3. Nf3 d5 4. Nc3 Bb4 5. cxd5 exd5 6. Bg5 h6 7. Bh4 O-O 8. e3 Bf5 9. Qb3 c5 10. dxc5 Bxc3+ 11. Qxc3 g5 12. Bg3 Ne4 13. Qa3 Nd7 14. Nd4 Qf6 15. Nxf5 Qxf5 16. Bd3 Ne5 17. Bxe4 dxe4 18. Bxe5 Qxe5 19. O-O Rfd8 20. Rad1 Rd3 21. Rxd3 exd3 22. Qxd3 Qxb2 23. Qd7 Rf8 24. h3 Qc2 25. Qc7 Kg7 26. Qxb7 Qxc5 27. Qb2+ Kg8 28. Rc1 Qd6 29. Qc3 Rd8 30. Qa5 a6 31. Qc3 Qe6 32. Qa5 Qf6 33. Qb4 Kg7 34. a3 Rd6 35. Qa5 Qb2 36. Qc3+ Qxc3 37. Rxc3 Rd1+ 38. Kh2 Rd2 39. Kg3 Ra2 40. Kf3 a5 41. g4 Kg6 42. Kg3 a4 43. f3 Rb2 44. Rc4 Re2 45. Rxa4 Rxe3 46. Ra6+ f6 47. a4 Ra3 48. a5 h5 49. gxh5+ Kxh5 50. Rxf6 Rxa5 1/2-1/2

[Event "2BLS 2324 SC Viernheim II - Heilbronner"]
[Site "?"]
[Date "2023.12.03"]
[Round "4.2"]
[White "Libiszewski, Fabien"]
[Black "Stijve, Theo"]
[Result "1/2-1/2"]
[WhiteElo "2497"]
[BlackElo "2334"]
[PlyCount "55"]
[EventDate "2023.??.??"]

1. e4 c5 2. Nf3 d6 3. Bb5+ Bd7 4. Bxd7+ Qxd7 5. c4 Nf6 6. Nc3 Nc6 7. d4 cxd4 8. Nxd4 g6 9. f3 Bg7 10. Nde2 O-O 11. Bg5 a6 12. Bxf6 exf6 13. O-O f5 14. Qd2 Ne5 15. b3 b5 16. exf5 bxc4 17. Nd5 gxf5 18. Ng3 Kh8 19. Kh1 Rab8 20. Nh5 cxb3 21. axb3 Rxb3 22. Nxg7 Kxg7 23. Rxa6 Qb5 24. Raa1 h6 25. Ne3 Qd3 26. Qxd3 Rxd3 27. Nxf5+ Kg6 28. Ng3 1/2-1/2

[Event "2BLS 2324 SC Viernheim II - Heilbronner"]
[Site "?"]
[Date "2023.12.03"]
[Round "4.3"]
[White "Fecker, Noah"]
[Black "Abergel, Thal"]
[Result "1/2-1/2"]
[WhiteElo "2396"]
[BlackElo "2392"]
[PlyCount "84"]
[EventDate "2023.??.??"]

1. e4 c6 2. Nc3 d5 3. Nf3 Bg4 4. h3 Bxf3 5. Qxf3 Nf6 6. Be2 e6 7. O-O d4 8. Nb1 Nbd7 9. d3 Bd6 10. g3 h6 11. Qg2 g5 12. c3 c5 13. a4 Qe7 14. Na3 a6 15. Nc4 O-O-O 16. Bd2 Ne5 17. Nxd6+ Qxd6 18. b4 dxc3 19. bxc5 Qd4 20. Be3 Qb4 21. Rfb1 Qa5 22. Qf1 Nc6 23. Rc1 e5 24. Ra3 Rd4 25. Raxc3 Rxa4 26. Rb3 Rd8 27. Rcb1 Rd7 28. Rb6 Ra2 29. f4 gxf4 30. gxf4 Qc3 31. Rc1 Qa3 32. fxe5 Rxe2 33. Qxe2 Rxd3 34. Rxc6+ bxc6 35. exf6 Rxe3 36. Qg4+ Kc7 37. Qf4+ Kb7 38. Rb1+ Rb3 39. Rxb3+ Qxb3 40. Qd6 Qe3+ 41. Kh2 Qf2+ 42. Kh1 Qf3+ 1/2-1/2

[Event "2BLS 2324 SC Viernheim II - Heilbronner"]
[Site "?"]
[Date "2023.12.03"]
[Round "4.4"]
[White "Dobrikov, Marco"]
[Black "Zuferi, Enis"]
[Result "1/2-1/2"]
[WhiteElo "2262"]
[BlackElo "2373"]
[PlyCount "62"]
[EventDate "2023.??.??"]

1. d4 Nf6 2. c4 e6 3. Nc3 Bb4 4. Qc2 d5 5. cxd5 exd5 6. Bg5 h6 7. Bxf6 Qxf6 8. e3 O-O 9. a3 Bf5 10. Bd3 Bxc3+ 11. Qxc3 Bxd3 12. Qxd3 Qg5 13. g3 Nd7 14. Nf3 Qh5 15. Qe2 a5 16. O-O Nf6 17. Rfc1 c6 18. b4 Ne4 19. Kg2 axb4 20. axb4 Rxa1 21. Rxa1 Re8 22. Qd3 Qh3+ 23. Kg1 Qf5 24. Qe2 Qh5 25. Qd1 Qf5 26. Qe2 Re6 27. Ne5 Re8 28. Kg2 Nd6 29. Kg1 Nb5 30. Qd2 Nd6 31. Qe2 Nb5 1/2-1/2

[Event "2BLS 2324 SC Viernheim II - Heilbronner"]
[Site "?"]
[Date "2023.12.03"]
[Round "4.5"]
[White "Wenninger, Philipp"]
[Black "Aizpurua, Patrick Emilio"]
[Result "1/2-1/2"]
[WhiteElo "2378"]
[BlackElo "2312"]
[PlyCount "43"]
[EventDate "2023.??.??"]

1. d4 Nf6 2. c4 e6 3. Nc3 Bb4 4. e3 O-O 5. Bd3 c5 6. Nf3 d5 7. cxd5 cxd4 8. exd4 exd5 9. O-O Nc6 10. Bg5 Be6 11. Qd2 Bd6 12. Rfe1 Re8 13. Rad1 h6 14. Bh4 Be7 15. Bb1 Nd7 16. Bg3 Nf8 17. Ne5 Rc8 18. a3 Qa5 19. Rc1 Qb6 20. Nxc6 Rxc6 21. Ba2 Rd8 22. Bf4 1/2-1/2

[Event "2BLS 2324 SC Viernheim II - Heilbronner"]
[Site "?"]
[Date "2023.12.03"]
[Round "4.6"]
[White "Muetsch, Annmarie"]
[Black "Degenhard, Simon"]
[Result "1/2-1/2"]
[WhiteElo "2278"]
[BlackElo "2216"]
[PlyCount "80"]
[EventDate "2023.??.??"]

1. d4 Nf6 2. Bg5 e6 3. e4 h6 4. Bxf6 Qxf6 5. c3 d6 6. Bc4 Nc6 7. Ne2 g5 8. b4 Bd7 9. a4 h5 10. a5 a6 11. Na3 Bh6 12. Nc2 g4 13. Ne3 Rg8 14. Qd3 Qg5 15. h3 Ne7 16. hxg4 hxg4 17. Bb3 Bg7 18. g3 Rh8 19. Rxh8+ Bxh8 20. Nf4 Rd8 21. O-O-O e5 22. Rh1 Bg7 23. Qc4 d5 24. Nfxd5 Nxd5 25. exd5 exd4 26. cxd4 Qf6 27. d6 Be6 28. Nd5 Qg5+ 29. Kb1 Bxd5 30. Qxd5 Qxd5 31. Bxd5 c6 32. Bg2 Rxd6 33. d5 cxd5 34. Rd1 Bc3 35. Rxd5 Rxd5 36. Bxd5 Bxb4 37. Bxb7 Bxa5 38. Bxa6 Be1 39. Be2 Bxf2 40. Bxg4 Bxg3 1/2-1/2

[Event "2BLS 2324 SC Viernheim II - Heilbronner"]
[Site "?"]
[Date "2023.12.03"]
[Round "4.7"]
[White "Pogan, Nikolas"]
[Black "Meinhardt, Maximilian"]
[Result "0-1"]
[WhiteElo "2206"]
[BlackElo "2366"]
[PlyCount "96"]
[EventDate "2023.??.??"]

1. d4 e6 2. c4 d5 3. Nf3 c5 4. cxd5 exd5 5. g3 Nc6 6. Bg2 Nf6 7. O-O Be7 8. dxc5 Bxc5 9. a3 Ne4 10. b4 Be7 11. Bb2 Bf6 12. Qc1 O-O 13. Nbd2 Re8 14. Nb3 Bg4 15. b5 Ne7 16. Bxf6 Nxf6 17. Qb2 Nc8 18. a4 Qe7 19. Nbd4 a5 20. bxa6 Rxa6 21. Rfb1 Nd6 22. Qb4 Nfe4 23. Ra3 Qd7 24. Nb5 Nc4 25. Rd3 Rea8 26. Qxc4 dxc4 27. Rxd7 Bxd7 28. Nc7 Nc3 29. Re1 Bc6 30. Ne5 Bxg2 31. Kxg2 f6 32. Nxa6 Rxa6 33. Nxc4 Rxa4 34. Nd6 b5 35. Kf3 Ra3 36. e3 Ra2 37. Nf5 g6 38. Nd4 f5 39. Rc1 b4 40. h4 Kf7 41. Kg2 h5 42. Kf1 Rb2 43. Kg2 Kf6 44. Kf3 Ne4 45. Rc6+ Ke5 46. Kg2 Nxf2 47. Rxg6 Ng4+ 48. Kg1 Rb1+ 0-1

[Event "2BLS 2324 SC Viernheim II - Heilbronner"]
[Site "?"]
[Date "2023.12.03"]
[Round "4.8"]
[White "Lanka, Zigurds"]
[Black "Huber, Philipp"]
[Result "0-1"]
[WhiteElo "2364"]
[BlackElo "2282"]
[PlyCount "116"]
[EventDate "2023.??.??"]

1. e4 d6 2. d4 Nf6 3. Nc3 e5 4. Nf3 Nbd7 5. Bc4 Be7 6. O-O O-O 7. Re1 c6 8. a4 a5 9. h3 Nb6 10. Bf1 exd4 11. Nxd4 d5 12. e5 Ne8 13. Nce2 g6 14. b3 Ng7 15. Bh6 Nd7 16. Nf4 Nc5 17. Nd3 Ne4 18. f3 Bg5 19. Bxg5 Nxg5 20. c3 h5 21. Qd2 h4 22. Qf2 Nh5 23. b4 axb4 24. cxb4 Ne6 25. Nxe6 Bxe6 26. a5 Kg7 27. Rad1 Rh8 28. f4 b6 29. axb6 Rb8 30. Nc5 Rxb6 31. Rd4 Ng3 32. Bd3 Qe7 33. Kh2 Rhb8 34. Qd2 Ra8 35. Bb1 Ra3 36. Qc1 Ra1 37. Qc3 Ra8 38. Qd2 Rb5 39. Bd3 Rxc5 40. bxc5 Qxc5 41. Bb1 Qe7 42. Rb4 c5 43. Rb6 d4 44. Qb2 Rd8 45. Rd1 Qc7 46. Rb7 Qc6 47. Rb6 Qd5 48. Qb5 Nh5 49. Qf1 c4 50. Qf2 Ng3 51. Qe1 d3 52. Qb4 Nf5 53. Qd2 Qc5 54. Qb4 Qf2 55. Rxe6 Qxf4+ 56. Kh1 fxe6 57. Bxd3 Rxd3 58. Rxd3 Qf1+ 0-1

[Event "2BLS 2324 SF Bad Mergentheim - TSV Schö"]
[Site "?"]
[Date "2024.02.03"]
[Round "5.1"]
[White "Koelle, Tobias"]
[Black "Kazakouski, Valery"]
[Result "0-1"]
[WhiteElo "2456"]
[BlackElo "2596"]
[PlyCount "116"]
[EventDate "2024.??.??"]

1. d4 Nf6 2. c4 g6 3. Nc3 Bg7 4. e4 d6 5. h3 O-O 6. Be3 Nbd7 7. Nf3 e5 8. d5 Nc5 9. Nd2 a5 10. g4 a4 11. Be2 c6 12. h4 Qa5 13. f3 a3 14. Qc2 axb2 15. Qxb2 h5 16. g5 Nh7 17. Kf2 f6 18. Nb3 Qa3 19. Qxa3 Rxa3 20. Nxc5 dxc5 21. Rhc1 fxg5 22. hxg5 Ra5 23. dxc6 bxc6 24. Rab1 Rf7 25. Rb6 Rc7 26. Bd1 Nf8 27. Ba4 Bd7 28. Rcb1 Ne6 29. Rb7 Ra7 30. Rxc7 Rxc7 31. Bc2 Ra7 32. a4 Bf8 33. Kg3 Be7 34. Kh4 Nd4 35. Bd1 Be6 36. Rb8+ Kf7 37. Bd2 Bxc4 38. f4 exf4 39. Bxf4 Rd7 40. a5 Ne6 41. Be2 Bd3 42. Bc1 Nd4 43. Bd1 Ra7 44. Bxh5 Rxa5 45. Bd1 Nb5 46. Bb2 c4 47. e5 Nd4 48. Na4 Rxe5 49. Rb7 Re4+ 50. Kg3 Nf5+ 51. Kf3 Re1 52. Nc3 Rf1+ 53. Kg4 Ne3+ 54. Kg3 Nxd1 55. Ba3 Nxc3 56. Rxe7+ Kg8 57. Re8+ Kg7 58. Rc8 Nb5 0-1

[Event "2BLS 2324 SF Bad Mergentheim - TSV Schö"]
[Site "?"]
[Date "2024.02.03"]
[Round "5.2"]
[White "Rakotomaharo, Fy Antenaina"]
[Black "Deuer, Marius"]
[Result "1/2-1/2"]
[WhiteElo "2457"]
[BlackElo "2421"]
[PlyCount "91"]
[EventDate "2024.??.??"]

1. Nf3 Nf6 2. c4 c5 3. Nc3 Nc6 4. d4 cxd4 5. Nxd4 e6 6. a3 d5 7. cxd5 exd5 8. g3 Bc5 9. Be3 Bb6 10. Na4 Ng4 11. Nxb6 Nxe3 12. Qd3 axb6 13. Qxe3+ Qe7 14. Qxe7+ Kxe7 15. Rd1 Be6 16. Bg2 Rac8 17. O-O Rhd8 18. Rfe1 Nxd4 19. Rxd4 Rc2 20. Rb4 Rd6 21. e3 Rc4 22. Rb3 Bf5 23. Bf1 Rc2 24. f3 Be6 25. Rb4 Rd2 26. Re2 Rd1 27. Rd4 Rxd4 28. exd4 Rc6 29. Kf2 Kd6 30. Ke3 Rc1 31. Rf2 Re1+ 32. Be2 Rb1 33. Bd3 Re1+ 34. Kd2 Rh1 35. Bf1 h5 36. Ke3 f6 37. Bd3 g5 38. f4 h4 39. gxh4 gxh4 40. f5 Bd7 41. Bf1 Rg1 42. Rf4 Rh1 43. Rf2 Rg1 44. b4 Bc6 45. Rf4 Rh1 46. h3 1/2-1/2

[Event "2BLS 2324 SF Bad Mergentheim - TSV Schö"]
[Site "?"]
[Date "2024.02.03"]
[Round "5.3"]
[White "Diaz Camallonga, Carles"]
[Black "Ikonnikov, Vyacheslav"]
[Result "1/2-1/2"]
[WhiteElo "2488"]
[BlackElo "2453"]
[PlyCount "178"]
[EventDate "2024.??.??"]

1. Nf3 Nf6 2. g3 d5 3. Bg2 e6 4. O-O Nc6 5. d4 Bd6 6. c4 O-O 7. a3 a5 8. Qc2 h6 9. Rd1 Re8 10. Nc3 Bd7 11. b3 a4 12. bxa4 dxc4 13. Nb5 Na5 14. Nd2 Nd5 15. Nxc4 Nxc4 16. Qxc4 Nb6 17. Qb3 Bc6 18. Bxc6 bxc6 19. Nc3 Ra6 20. Ne4 Qe7 21. Nxd6 Qxd6 22. Bf4 Qd7 23. a5 Rxa5 24. Bd2 Ra4 25. Bb4 Rea8 26. Rac1 Nd5 27. Bc5 f5 28. Rc4 R4a6 29. Rb1 Nb6 30. Rcc1 Qd5 31. Bb4 Qd7 32. Qd3 Nd5 33. Bc5 Nf6 34. Rc2 Ne4 35. Bb4 c5 36. Bxc5 Nxc5 37. Rxc5 Rxa3 38. Qc4 R8a7 39. d5 exd5 40. Rxd5 R7a4 41. Rxd7+ Rxc4 42. Rb8+ Kh7 43. Rf8 Ra2 44. Rff7 Rg4 45. e3 Ra5 46. Rxc7 h5 47. h4 Kg8 48. Kg2 Rg6 49. Kf3 Kh7 50. Rf8 Rb6 51. Rd7 Rb4 52. Rff7 Rg4 53. Rfe7 Rb5 54. Ra7 Rg6 55. Rf7 Rg4 56. Rf8 Rc4 57. Raf7 Kg6 58. Rd7 Kh7 59. Rdd8 Kg6 60. Rh8 Rb6 61. Rd7 Rg4 62. Kg2 Re6 63. f3 Ra4 64. Rg8 Ra2+ 65. Kh3 Rxe3 66. Rgxg7+ Kf6 67. Rgf7+ Kg6 68. Rg7+ Kf6 69. Rdf7+ Ke6 70. f4 Rb3 71. Re7+ Kf6 72. Ref7+ Ke6 73. Ra7 Rxa7 74. Rxa7 Kf6 75. Ra6+ Kg7 76. Kg2 Rb2+ 77. Kf3 Rb3+ 78. Kf2 Rb2+ 79. Ke3 Rb3+ 80. Kd4 Rxg3 81. Ke5 Rg4 82. Kxf5 Rxh4 83. Ke5 Rh1 84. Ra7+ Kg8 85. Kf6 Rb1 86. f5 h4 87. Rg7+ Kh8 88. Rg4 Rb6+ 89. Kg5 Kg7 1/2-1/2

[Event "2BLS 2324 SF Bad Mergentheim - TSV Schö"]
[Site "?"]
[Date "2024.02.03"]
[Round "5.4"]
[White "Razafindratsima, Timothe"]
[Black "Korneev, Oleg"]
[Result "1/2-1/2"]
[WhiteElo "2432"]
[BlackElo "2478"]
[PlyCount "43"]
[EventDate "2024.??.??"]

1. e4 e5 2. Nf3 Nc6 3. Bb5 Nf6 4. d3 Bc5 5. c3 O-O 6. O-O Re8 7. Bg5 h6 8. Bh4 Be7 9. Nbd2 d6 10. d4 Bd7 11. Bxf6 Bxf6 12. d5 Nb8 13. Bxd7 Nxd7 14. Nc4 b6 15. a4 g6 16. a5 b5 17. Na3 a6 18. b4 Bg7 19. c4 bxc4 20. Rc1 f5 21. Nd2 Nf6 22. Rxc4 1/2-1/2

[Event "2BLS 2324 SF Bad Mergentheim - TSV Schö"]
[Site "?"]
[Date "2024.02.03"]
[Round "5.5"]
[White "Menezes, Christoph"]
[Black "Neuman, Petr"]
[Result "1/2-1/2"]
[WhiteElo "2381"]
[BlackElo "2390"]
[PlyCount "67"]
[EventDate "2024.??.??"]

1. Nf3 Nf6 2. g3 g6 3. Bg2 Bg7 4. O-O d5 5. d4 O-O 6. c4 c6 7. Qb3 Qb6 8. Nc3 Rd8 9. Bd2 Ne4 10. Bf4 Na6 11. Qxb6 axb6 12. Na4 b5 13. cxb5 cxb5 14. Nb6 Ra7 15. a4 b4 16. Rfc1 Be6 17. Ne5 f5 18. Be3 Nf6 19. Nd3 Bf7 20. f3 e6 21. Rc2 Be8 22. Rc8 Rxc8 23. Nxc8 Ra8 24. Rc1 Bf8 25. Ne5 b3 26. Bg5 Kg7 27. Nb6 Rd8 28. Bd2 Bd6 29. e3 Bxe5 30. dxe5 Nd7 31. Ba5 Nxb6 32. Bxb6 Ra8 33. a5 Bb5 34. Bf1 1/2-1/2

[Event "2BLS 2324 SF Bad Mergentheim - TSV Schö"]
[Site "?"]
[Date "2024.02.03"]
[Round "5.6"]
[White "Vlasak, Lukas"]
[Black "Kocharin, Timur"]
[Result "1-0"]
[WhiteElo "2455"]
[BlackElo "2216"]
[PlyCount "75"]
[EventDate "2024.??.??"]

1. d4 d5 2. Nf3 Nf6 3. c4 e6 4. g3 Bb4+ 5. Bd2 a5 6. Bg2 O-O 7. Qc1 c5 8. dxc5 d4 9. Bxb4 axb4 10. Ne5 Qa5 11. Nd3 Nfd7 12. Nd2 Nxc5 13. Nxc5 Qxc5 14. Nb3 Qd6 15. c5 Qd7 16. O-O Nc6 17. Bxc6 Qxc6 18. Nxd4 Qd5 19. Nb3 e5 20. Rd1 Qe4 21. Qd2 Be6 22. f3 Qc4 23. Qe3 Qb5 24. Nd2 Rfd8 25. Ne4 Rxd1+ 26. Rxd1 f6 27. Rd6 Bf7 28. Qd2 h6 29. Rb6 Qc4 30. Rxb7 Qxa2 31. Kg2 f5 32. Nd6 Bd5 33. Re7 Be6 34. c6 Kf8 35. Rb7 Qa6 36. c7 e4 37. Rb8+ Ke7 38. c8=Q 1-0

[Event "2BLS 2324 SF Bad Mergentheim - TSV Schö"]
[Site "?"]
[Date "2024.02.03"]
[Round "5.7"]
[White "Beyer, Christian"]
[Black "Nemec, Jachym"]
[Result "0-1"]
[WhiteElo "2227"]
[BlackElo "2396"]
[PlyCount "96"]
[EventDate "2024.??.??"]

1. Nc3 c5 2. Nf3 e6 3. d4 cxd4 4. Nxd4 d6 5. e4 Nc6 6. Be2 Nf6 7. O-O Be7 8. Kh1 O-O 9. f4 Bd7 10. Bf3 Rc8 11. g4 Nxd4 12. Qxd4 b5 13. g5 Ne8 14. Qxa7 b4 15. Nd1 Rxc2 16. Qd4 Nc7 17. Ne3 Nb5 18. Qxb4 Rc8 19. Qd2 e5 20. Nd5 Nd4 21. Bd1 Bc6 22. Qg2 f5 23. gxf6 Bxf6 24. Be3 Bxd5 25. exd5 Nf5 26. Be2 Nh4 27. Qe4 exf4 28. Bg4 Rb8 29. Bxf4 Kh8 30. Rab1 Rxb2 31. Rxb2 Bxb2 32. Rb1 Qf6 33. Be3 Be5 34. Bh3 Ng6 35. Rf1 Nf4 36. Rf3 g5 37. Bg4 Qg7 38. Bxf4 gxf4 39. Be6 Rb8 40. Rf2 Qh6 41. h3 Rf8 42. Rf1 Qf6 43. Qf3 Bd4 44. Rb1 Be3 45. a4 Qg6 46. Re1 Rb8 47. Rf1 Rb1 48. h4 Qg3 0-1

[Event "2BLS 2324 SF Bad Mergentheim - TSV Schö"]
[Site "?"]
[Date "2024.02.03"]
[Round "5.8"]
[White "Raps, Johannes"]
[Black "Reck, Moritz"]
[Result "0-1"]
[WhiteElo "2107"]
[BlackElo "2030"]
[PlyCount "78"]
[EventDate "2024.??.??"]

1. e4 c5 2. Nf3 Nc6 3. Nc3 g6 4. g3 Bg7 5. Bg2 Nf6 6. O-O O-O 7. d3 d6 8. h3 Rb8 9. a4 a6 10. Be3 Qb6 11. Qd2 Nd4 12. a5 Qa7 13. Kh2 b5 14. axb6 Qxb6 15. Rfb1 Qa7 16. b4 Nxf3+ 17. Bxf3 Qd7 18. Bg2 Rxb4 19. e5 Ne8 20. Nd5 Rxb1 21. Rxb1 Bxe5 22. d4 cxd4 23. Bxd4 Bxd4 24. Qxd4 e6 25. Nb6 Qc7 26. Rb3 Bb7 27. Rc3 Qe7 28. Bf1 Nc7 29. h4 Nb5 30. Bxb5 axb5 31. f4 e5 32. Qe3 Re8 33. fxe5 dxe5 34. Rc5 Qe6 35. Rc7 Re7 36. Qc5 Rxc7 37. Qxc7 Bc6 38. Nc8 Kg7 39. Nd6 Qd5 0-1

[Event "2BLS 2324 Heilbronner SV - SK Schmiden/C"]
[Site "?"]
[Date "2024.02.03"]
[Round "5.1"]
[White "Kabisch, Thilo"]
[Black "Baenziger, Fabian"]
[Result "0-1"]
[WhiteElo "2226"]
[BlackElo "2408"]
[PlyCount "86"]
[EventDate "2024.??.??"]

1. e4 e6 2. Nf3 d5 3. e5 c5 4. c3 Nc6 5. Na3 Bd7 6. Nc2 Nge7 7. d4 Nf5 8. a3 Be7 9. b4 cxd4 10. cxd4 O-O 11. Bd3 f6 12. Bxf5 exf5 13. O-O Rc8 14. Re1 Be8 15. Qd3 f4 16. Ra2 g5 17. h3 Bg6 18. Qb3 Kg7 19. Bd2 Be4 20. a4 Qb6 21. b5 Na5 22. exf6+ Bxf6 23. Bxa5 Qxa5 24. Nb4 Rfd8 25. Nd2 Bg6 26. Kh2 Qc7 27. Nxd5 Rxd5 28. Qxd5 Bf7 29. Qf5 Bxa2 30. Ne4 Rf8 31. Nxg5 Bg8 32. Nf3 Qd6 33. Rc1 Be6 34. Qh5 Bf7 35. Qg4+ Bg6 36. a5 h5 37. Qc8 Rxc8 38. Rxc8 Qd7 39. Rc5 Bxd4 40. Nxd4 Qxd4 41. Rc7+ Kf6 42. Rxb7 Qxf2 43. b6 f3 0-1

[Event "2BLS 2324 Heilbronner SV - SK Schmiden/C"]
[Site "?"]
[Date "2024.02.03"]
[Round "5.2"]
[White "Stijve, Theo"]
[Black "Trachtmann, Mark"]
[Result "1-0"]
[WhiteElo "2348"]
[BlackElo "2230"]
[PlyCount "99"]
[EventDate "2024.??.??"]

1. e4 e6 2. d4 d5 3. Nc3 Nf6 4. Bg5 dxe4 5. Nxe4 Be7 6. Bxf6 gxf6 7. Nf3 a5 8. Bc4 a4 9. a3 Ra5 10. Qe2 c6 11. Rd1 Na6 12. Ba2 h5 13. O-O Nc7 14. c4 Kf8 15. Rfe1 b6 16. Qe3 Ne8 17. Nc3 Nd6 18. c5 Nf5 19. Qf4 Bd7 20. Ne4 h4 21. Nfd2 Nxd4 22. Nc4 bxc5 23. Nxa5 Qxa5 24. Nxf6 Bc8 25. Ng4 Qd8 26. Bc4 f5 27. h3 Rg8 28. Qh6+ Ke8 29. Ne5 Qb6 30. Qh7 Rf8 31. Ng6 Rf7 32. Qg8+ Bf8 33. Bxe6 Bxe6 34. Nxf8 Rxf8 35. Rxe6+ Kd7 36. Qg6 Qb3 37. Rd6+ Kc7 38. Re1 Rg8 39. Re7+ Kb6 40. Qh5 Qxh3 41. Rg6 Rxg6 42. Qxg6 Qd3 43. Qe8 Qd1+ 44. Kh2 Kb5 45. Qb8+ Kc4 46. Qg8+ Kd3 47. Re3+ Kd2 48. Qc4 Qc2 49. Qf1 Qxb2 50. Qd3+ 1-0

[Event "2BLS 2324 Heilbronner SV - SK Schmiden/C"]
[Site "?"]
[Date "2024.02.03"]
[Round "5.3"]
[White "Krockenberger, Martin"]
[Black "Fecker, Noah"]
[Result "1/2-1/2"]
[WhiteElo "2120"]
[BlackElo "2389"]
[PlyCount "59"]
[EventDate "2024.??.??"]

1. e4 c5 2. Nf3 e6 3. d4 cxd4 4. Nxd4 Nc6 5. Nc3 Qc7 6. Be3 a6 7. Qf3 h5 8. O-O-O b5 9. Qg3 Qxg3 10. hxg3 Bc5 11. Nf5 Bxe3+ 12. Nxe3 Nf6 13. f3 Bb7 14. a4 b4 15. Ne2 Ke7 16. Nd4 Ne5 17. Nb3 Bc6 18. Nc5 a5 19. b3 d5 20. exd5 Nxd5 21. Nxd5+ Bxd5 22. Nd3 Nxf3 23. Nf4 Ne5 24. Nxd5+ exd5 25. Rxd5 f6 26. Rb5 g6 27. Rb7+ Ke6 28. Rb6+ Ke7 29. Rb7+ Ke6 30. Rb6+ 1/2-1/2

[Event "2BLS 2324 Heilbronner SV - SK Schmiden/C"]
[Site "?"]
[Date "2024.02.03"]
[Round "5.4"]
[White "Zuferi, Enis"]
[Black "Holzhaeuer, Mathias"]
[Result "1-0"]
[WhiteElo "2412"]
[BlackElo "2226"]
[PlyCount "81"]
[EventDate "2024.??.??"]

1. d4 Nf6 2. c4 e6 3. Nc3 Bb4 4. e3 b6 5. Nge2 Ba6 6. Qa4 c5 7. a3 Bxc3+ 8. Nxc3 cxd4 9. exd4 Qc8 10. Bg5 Qc6 11. Qxc6 Nxc6 12. O-O-O Na5 13. Nb5 Bxb5 14. cxb5 Ne4 15. Bh4 d5 16. Bd3 Nd6 17. Kb1 Kd7 18. Bg3 Rhc8 19. h4 h6 20. h5 Nac4 21. Rh4 Nxb5 22. Rg4 Nbd6 23. Rxg7 Rg8 24. Rh7 Rh8 25. Rxh8 Rxh8 26. Bf4 f5 27. Rc1 b5 28. b3 Nxa3+ 29. Kb2 b4 30. Rc5 Ra8 31. Ba6 Rg8 32. g3 Ne8 33. Bxh6 Nf6 34. Bd2 Ne4 35. Bxb4 Nxc5 36. Bxc5 f4 37. gxf4 Rg2 38. Kxa3 Rh2 39. Be2 Rxf2 40. Bb5+ Kc7 41. h6 1-0

[Event "2BLS 2324 Heilbronner SV - SK Schmiden/C"]
[Site "?"]
[Date "2024.02.03"]
[Round "5.5"]
[White "Eisele, Steffen"]
[Black "Wenninger, Philipp"]
[Result "1/2-1/2"]
[WhiteElo "2209"]
[BlackElo "2355"]
[PlyCount "49"]
[EventDate "2024.??.??"]

1. e4 c6 2. d4 d5 3. e5 Bf5 4. h4 h5 5. Bd3 Bxd3 6. Qxd3 e6 7. Nc3 Nd7 8. Nf3 Ne7 9. Bg5 Qb6 10. O-O Nf5 11. Ne2 Be7 12. Bxe7 Nxe7 13. b4 a5 14. a3 Qa6 15. Qd2 axb4 16. axb4 Qxa1 17. Rxa1 Rxa1+ 18. Kh2 g6 19. b5 Ra2 20. bxc6 bxc6 21. Qb4 Ra7 22. Ng3 c5 23. dxc5 O-O 24. Qd2 Rfa8 25. Qg5 1/2-1/2